000 00346nam a2200157Ia 4500
008 230524s9999 xx 000 0 und d
082 _a4
_bBHA
100 _aJ.Bhasker
245 0 _aVHDL Primer
250 _a3RD
260 _aSINGAPORE
_bPearson
_c2005
300 _aXX;373
500 _aQuantity Number: 8
650 _aComp-Sc
942 _cBK
999 _c1462
_d1462